000
00399nam a22001337a 4500
003
SGT
020
_a
818962234X
082
_a
080
_b
M07M
100
_a
मित्तल, सतीश चंद्र
245
_a
मुस्लिम शासक तथा भारतीय जन समाज
260
_b
सुरुचि प्रकाशन
_c
2007
300
_a
190
942
_2
ddc
_c
BK
999
_c
31494
_d
31494